banner-ar

HERMIT CRABS OF THE NORTH EAST ATLANTIC OCEAN AND MEDITERRANEAN SEA: AN ILLUSTRATED KEY / (Record no. 23732)

MARC details
000 -الفاتح
حقل البيانات ثابتة الطول 00519nam a2200181Ia 4500
008 - عناصر البيانات ثابتة الطول - معلومات عامة
حقل البيانات ثابتة الطول 140319s9999 xx 000 0 eng d
040 ## - مصدر الفهرسة
وكالة الفهرسة الأصلية GCL /
وكالة النسخ GCL
082 04 - رقم تصنيف ديوى العشرى
رقم التصنيف 595.3844
رقم المادة I H
100 1# - المدخل الرئيسى - إسم شخصى
الإسم الشخصى INGLE, RAY
245 10 - بيان العنوان
العنوان HERMIT CRABS OF THE NORTH EAST ATLANTIC OCEAN AND MEDITERRANEAN SEA: AN ILLUSTRATED KEY /
بيان المسئوليه,etc INGLE, RAY
260 ## - PUBLICATION, DISTRIBUTION, ETC. (IMPRINT)
تاريخ النشر أو التوزيع 1993
300 ## - الوصف المادى
التعداد 495 P
650 04 - المدخل الاضافى بالموضوع-مصطلح موضوعى
مصطلح موضوعي MEDITERRANEAN SEA
650 04 - المدخل الاضافى بالموضوع-مصطلح موضوعى
مصطلح موضوعي HERNIT CRABS
650 04 - المدخل الاضافى بالموضوع-مصطلح موضوعى
مصطلح موضوعي ATLANTIC OCEAN
942 ## - عناصر المدخل الإضافي( كوها)
مصدر التصنيف او مخطط الترفيف Dewey Decimal Classification
Koha [default] item type كتاب
260 ## - PUBLICATION, DISTRIBUTION, ETC. (IMPRINT)
-- [S.N] :
-- CHAPMAN & HALL ،
Holdings
حالة التراجع حالة الفقد حالة تلف ليس للاعارة المكان المؤقت الموقع الحالى تاريخ الاكتساب اجمالي اﻻعارات رقم الطلب الباركود تاريخ اخر مشاهدة تاريخ تفعيل السعر نوع وعاء كوها
        مكتبة القاهرة الكبرى مكتبة القاهرة الكبرى 03/26/2014   595.3844\I H 42309 03/26/2014 03/26/2014 كتاب
        مكتبة القاهرة الكبرى مكتبة القاهرة الكبرى 03/26/2014   595.3844\I H 42310 03/26/2014 03/26/2014 كتاب
        مكتبة القاهرة الكبرى مكتبة القاهرة الكبرى 03/26/2014   595.3844\I H 42311 03/26/2014 03/26/2014 كتاب
        مكتبة القاهرة الكبرى مكتبة القاهرة الكبرى 03/26/2014   595.3844\I H 42312 03/26/2014 03/26/2014 كتاب

Powered By

EGPV